00302pab a2200121 454500008004000000100001900040245005500059260000900114300001100123362001000134650002500144773001100169180718b1989 xxu||||| |||| 00| 0 eng d aSengupta, P.R. aNew approach to vocational and technical education c1989 a4-8,28 a1 May aVocational Education aYojana